Win for life (Record no. 2947)

MARC details
000 -LEADER
fixed length control field 00371nam a22001697a 4500
005 - DATE AND TIME OF LATEST TRANSACTION
control field 20160616123436.0
008 - FIXED-LENGTH DATA ELEMENTS--GENERAL INFORMATION
fixed length control field 160616b xxu||||| |||| 00| 0 eng d
020 ## - INTERNATIONAL STANDARD BOOK NUMBER
ISBN 0-07-0477356-0
041 ## - LANGUAGE CODE
Language code of text/sound track or separate title eng
082 ## - DEWEY DECIMAL CLASSIFICATION NUMBER
Item number 7978
100 ## - MAIN ENTRY--AUTHOR NAME
Personal name Martatia, Akhil
245 ## - TITLE STATEMENT
Title Win for life
260 ## - PUBLICATION, DISTRIBUTION, ETC. (IMPRINT)
Name of publisher TMH
Year of publication 2003
300 ## - PHYSICAL DESCRIPTION
Number of Pages 439
650 ## - SUBJECT ADDED ENTRY--TOPICAL TERM
Topical Term Management
942 ## - ADDED ENTRY ELEMENTS (KOHA)
Koha item type Books
Holdings
Lost status Damaged status Collection code Home library Current library Shelving location Date acquired Cost, normal purchase price Full call number Accession Number Koha item type
    LIFE SKILL JRU Library JRU Library SHELF-103-H 16/06/2016 250.00 7978 7978 Books